000
00307nam a2200121Ia 4500
008
210430s9999 xx 000 0 und d
082
_a
572 C743 O
100
_a
George Bruening
245
_a
Outlines of Biochemistry
_c
George Bruening
260
_a
India
_b
Wiley
_c
2007
300
_a
693p
942
_c
BK
_2
ddc
999
_c
563188
_d
563188